00774nam a22001577a 4500003000400000005001700004008004100021040000800062082001200070100002300082245043200105260002600537300002700563942001300590999001300603OSt20150918141143.0150918b xxu||||| |||| 00| 0 eng d cRUA aAGR CHE 9762aCHEA SOPHOINN aComparison on using of organic fertilizer on celery cabbage (Brassica compestris) in crop station of royal university of agriculture,(ការប្រៀបធៀបនៃការប្រើប្រាស់ជីធម្មជាតិលើដំណាំស្ពៃចង្កឹះ នៅស្ថានីយ៍ដំណាំនៃសាកលវិទ្យាល័យភូមិន្ទកសិកម្ម) aphnom penhbRUAc2005 axiii,70p.cill.g29cm. 2ddccAGR c732d732